Administering marine spaces (Record no. 105835)
[ view plain ]
| 000 -LEADER | |
|---|---|
| fixed length control field | 00878cam a2200205 4500 |
| 001 - CONTROL NUMBER | |
| control field | ##L134889 |
| 008 - FIXED-LENGTH DATA ELEMENTS--GENERAL INFORMATION | |
| fixed length control field | 060908n2006 000 0 eng u |
| 020 ## - INTERNATIONAL STANDARD BOOK NUMBER | |
| International Standard Book Number | 8790907558 |
| 035 ## - SYSTEM CONTROL NUMBER | |
| System control number | (Sirsi) u134889 |
| 041 0# - LANGUAGE CODE | |
| Language code of text/sound track or separate title | eng |
| 110 2# - MAIN ENTRY--CORPORATE NAME | |
| Corporate name or jurisdiction name as entry element | Federation International Des Geometres |
| 245 00 - TITLE STATEMENT | |
| Title | Administering marine spaces |
| Remainder of title | international issues |
| Medium | [electronic resource] |
| 260 ## - PUBLICATION, DISTRIBUTION, ETC. | |
| Place of publication, distribution, etc. | Frederiksberg, Denmark |
| Name of publisher, distributor, etc. | FIG |
| Date of publication, distribution, etc. | 2006 |
| 520 ## - SUMMARY, ETC. | |
| Summary, etc. | Various papers which examine issues connected with the adninistration of marine spaces in an international context, including human rights, responsibilities and restrictions. |
| 590 ## - LOCAL NOTE (RLIN) | |
| Local note | IKA190906 |
| 651 #4 - SUBJECT ADDED ENTRY--GEOGRAPHIC NAME | |
| Geographic name | International |
| 690 ## - LOCAL SUBJECT ADDED ENTRY--TOPICAL TERM (OCLC, RLIN) | |
| Topical term or geographic name as entry element | PROPERTY-RURAL AND NATURAL ASSETS-MARINE RESOURCES-MARINE RESOURCE MANAGEMENT |
| 856 40 - ELECTRONIC LOCATION AND ACCESS | |
| Uniform Resource Identifier | <a href="https://www.fig.net/pub/figpub/pub36/figpub36.htm">https://www.fig.net/pub/figpub/pub36/figpub36.htm</a> |
| Public note | View the item free of charge at www.fig.net... |
| 942 ## - ADDED ENTRY ELEMENTS (KOHA) | |
| Suppress in OPAC | 0 |
| Withdrawn status | Lost status | Source of classification or shelving scheme | Damaged status | Not for loan | Home library | Current library | Shelving location | Date acquired | Total Checkouts | Full call number | Barcode | Date last seen | Copy number | Price effective from | Koha item type |
|---|---|---|---|---|---|---|---|---|---|---|---|---|---|---|---|
| Dewey Decimal Classification | Virtual | Virtual | Online | 08/09/2006 | ONLINE PUBLICATION | 134889-1001 | 06/08/2019 | 1 | 06/08/2019 | Book |